Indigenous flora as a source of arid ornamental horticulture in Armenia / (Record no. 529392)
[ view plain ]
| 000 -LEADER | |
|---|---|
| fixed length control field | 00922nam a2200277 a 4500 |
| 001 - CONTROL NUMBER | |
| control field | 1939432 |
| 003 - CONTROL NUMBER IDENTIFIER | |
| control field | AM-YEHGA |
| 005 - DATE AND TIME OF LATEST TRANSACTION | |
| control field | 20251201151018.0 |
| 008 - FIXED-LENGTH DATA ELEMENTS--GENERAL INFORMATION | |
| fixed length control field | 240126s2023 ai a||||||||||||||0|eng|d |
| 020 ## - INTERNATIONAL STANDARD BOOK NUMBER | |
| International Standard Book Number | 9785808015197 |
| 040 ## - CATALOGING SOURCE | |
| Original cataloging agency | AM-YeHGA |
| 041 0# - LANGUAGE CODE | |
| Language code of text/sound track or separate title | eng |
| 090 ## - LOCALLY ASSIGNED LC-TYPE CALL NUMBER (OCLC); LOCAL CALL NUMBER (RLIN) | |
| -- | 567813 |
| 245 00 - TITLE STATEMENT | |
| Title | Indigenous flora as a source of arid ornamental horticulture in Armenia / |
| Statement of responsibility, etc. | J. Akopian, A. Ghukasyan, A. Elbakyan, L. Martirosyan ; NAS RA ; A. Takhtajan Institute of Botany. |
| 260 ## - PUBLICATION, DISTRIBUTION, ETC. | |
| Place of publication, distribution, etc. | Yerevan : |
| Name of publisher, distributor, etc. | Gitutiun, |
| Date of publication, distribution, etc. | 2023. |
| 300 ## - PHYSICAL DESCRIPTION | |
| Extent | 213 p. : |
| Other physical details | ill. |
| 504 ## - BIBLIOGRAPHY, ETC. NOTE | |
| Bibliography, etc. note | Bibliogr.: p. 211-213. |
| 650 14 - SUBJECT ADDED ENTRY--TOPICAL TERM | |
| Topical term or geographic name entry element | Biology |
| Geographic subdivision | Armenia |
| 650 14 - SUBJECT ADDED ENTRY--TOPICAL TERM | |
| Topical term or geographic name entry element | Floriculture |
| Geographic subdivision | Armenia |
| 700 1# - ADDED ENTRY--PERSONAL NAME | |
| Personal name | Akopian, Janna |
| 700 1# - ADDED ENTRY--PERSONAL NAME | |
| Personal name | Ghukasyan, Anahit |
| 700 1# - ADDED ENTRY--PERSONAL NAME | |
| Personal name | Elbakyan, Araksya |
| 700 1# - ADDED ENTRY--PERSONAL NAME | |
| Personal name | Martirosyan, Lora |
| 710 2# - ADDED ENTRY--CORPORATE NAME | |
| Corporate name or jurisdiction name as entry element | National Academy of Sciences of the Republic of Armenia. |
| Subordinate unit | A. Takhtajan Institute of Botany |
| 942 ## - ADDED ENTRY ELEMENTS (KOHA) | |
| Source of classification or shelving scheme | Universal Decimal Classification |
| Koha item type | Գրքեր / Books |
| Koha issues (borrowed), all copies | 1 |
| Withdrawn status | Lost status | Damaged status | Not for loan | Collection | Home library | Current library | Date acquired | Total checkouts | Full call number | Barcode | Date last seen | Date last checked out | Price effective from | Koha item type | Public note |
|---|---|---|---|---|---|---|---|---|---|---|---|---|---|---|---|
| General | Fundamental Scientific Library | Fundamental Scientific Library | 26/01/2024 | 1 | И II/117998 | FL0681667 | 01/12/2025 | 01/12/2025 | 26/01/2024 | Գրքեր / Books | 30 Days Loan | ||||
| General | Fundamental Scientific Library | Fundamental Scientific Library | 26/01/2024 | И II/117999 | FL0681668 | 26/01/2024 | 26/01/2024 | Գրքեր / Books | 30 Days Loan |
ՀՀ Գիտությունների ազգային ակադեմիայի հիմնարար գիտական գրադարան = Fundamental Scientific Library of NAS RA
All site content, except where otherwise noted, is licensed under a